000 00333nam a2200133Ia 4500
005 20260328104330.0
008 260328s9999||||xx |||||||||||||| ||und||
100 _aGeorgi, Will
245 4 _aThe Other Office 2 :
_bCreative WorkPlace Design /
_cWill Georgi
260 _bFrame
300 _a488 p.
650 _aDIBUJO
942 _cBK
999 _c11688
_d11688